000 00584nam a2200229Ia 4500
003 OSt
005 20220924152145.0
006 a|||||r|||| 00| 0
007 ta
008 220923b |||||||| |||| 00| 0 mar d
024 _a341235
037 _cTextual
040 _aARTS
_cARTS
_bmar
041 _2mar
_amar
082 _aO155,2NTO,3, L3
100 _aToradmal Au.
_9225992
245 0 _aKale Bet lal /batti
260 _c1973
650 _aMARATHI LITERATURE
_938000
942 _hO155,2NTO,3, L3
_cTEXL
_2CC
999 _c468937
_d468937